The Star Cloak / (Record no. 32589)
[ view plain ]
| 000 -LEADER | |
|---|---|
| fixed length control field | 01745cam a2200349 a 4500 |
| 005 - DATE AND TIME OF LATEST TRANSACTION | |
| control field | 20071127110737.0 |
| 008 - FIXED-LENGTH DATA ELEMENTS--GENERAL INFORMATION | |
| fixed length control field | 060703r20082005mnua j 000 1 eng |
| 010 ## - LCCN (DPL NO) | |
| LC control number | B-384986-990 |
| 020 ## - INTERNATIONAL STANDARD BOOK NUMBER | |
| International Standard Book Number | 9781846470165 |
| Terms of availability | 110.00 |
| 020 ## - INTERNATIONAL STANDARD BOOK NUMBER | |
| International Standard Book Number | 1846470161 |
| Terms of availability | 110.00 |
| 035 ## - SYSTEM CONTROL NUMBER | |
| System control number | B-384986-990 |
| 037 ## - SOURCE OF ACQUISITION | |
| Source of stock number/acquisition | Blueberry Books |
| 040 ## - CATALOGING SOURCE | |
| Original cataloging agency | dpl |
| Language of cataloging | English |
| 082 ## - DEWEY DECIMAL CLASSIFICATION NUMBER | |
| Classification number | S |
| 100 ## - MAIN ENTRY--PERSONAL NAME | |
| Personal name | Rodda, Emily |
| 245 ## - TITLE STATEMENT | |
| Title | The Star Cloak / |
| Statement of responsibility, etc | by Emily Rodda |
| 260 ## - PUBLICATION, DISTRIBUTION, ETC. (IMPRINT) | |
| Place of publication, distribution, etc | London |
| Name of publisher, distributor, etc | Catnip Books |
| Date of publication, distribution, etc | 2006 |
| 270 ## - ADDRESS | |
| Address | Islington Business Centre, 3-5 Islington High Street, |
| City | London |
| 300 ## - PHYSICAL DESCRIPTION | |
| Extent | 89 p. : |
| Dimensions | 20cm(pbk) |
| 490 ## - SERIES STATEMENT | |
| Series statement | Fairy realm ; |
| Volume number/sequential designation | book. 7 |
| 500 ## - GENERAL NOTE | |
| General note | Sequel to: The unicorn. |
| 500 ## - GENERAL NOTE | |
| General note | Sequel: The water sprites. |
| 650 ## - SUBJECT ADDED ENTRY--TOPICAL TERM | |
| Topical term or geographic name as entry element | Magic |
| Form subdivision | Fiction. |
| 650 ## - SUBJECT ADDED ENTRY--TOPICAL TERM | |
| Topical term or geographic name as entry element | Fairies |
| Form subdivision | Fiction. |
| 942 ## - ADDED ENTRY ELEMENTS (KOHA) | |
| Source of classification or shelving scheme | Dewey Decimal Classification |
| Item type | Children Books |
| Classification part | S |
| Call number suffix | ROD |
| Withdrawn status | Lost status | Source of classification or shelving scheme | Damaged status | Not for loan | Collection code | Home library | Current library | Date acquired | Source of acquisition | Cost, normal purchase price | Total Checkouts | Full call number | Barcode | Date last seen | Copy number | Cost, replacement price | Koha item type | Total Renewals |
|---|---|---|---|---|---|---|---|---|---|---|---|---|---|---|---|---|---|---|
| Dewey Decimal Classification | Fiction | Central Library | Central Library | 17/07/2010 | Blueberry Books/5571/27.3.10/157/27.1.10/27.3.10 | 110.00 | 2 | S ROD | B-384986 | 11/06/2024 | 1 | 110.00 | Children Books | |||||
| Dewey Decimal Classification | Fiction | Karol Bagh | Karol Bagh | 17/07/2010 | Blueberry Books/5571/27.3.10/157/27.1.10/27.3.10 | 110.00 | 1 | S ROD | B-384989 | 11/06/2024 | 1 | 110.00 | Children Books | 1 | ||||
| Dewey Decimal Classification | Fiction | Patel Nagar | Patel Nagar | 17/07/2010 | Blueberry Books/5571/27.3.10/157/27.1.10/27.3.10 | 110.00 | 1 | S ROD | B-384987 | 19/11/2024 | 1 | 110.00 | Children Books | 1 | ||||
| Dewey Decimal Classification | Fiction | Sarojini Nagar | Sarojini Nagar | 17/07/2010 | Blueberry Books/5571/27.3.10/157/27.1.10/27.3.10 | 110.00 | S ROD | B-384988 | 17/07/2010 | 1 | 110.00 | Children Books | ||||||
| Dewey Decimal Classification | Fiction | Shahdara Branch | Shahdara Branch | 17/07/2010 | Blueberry Books/5571/27.3.10/157/27.1.10/27.3.10 | 110.00 | 2 | S ROD | B-384990 | 25/06/2019 | 1 | 110.00 | Children Books |
